000 00764nam a22002297a 4500
005 20130510105216.0
010 _aENG-107086
020 _a9788132110149
_c395.00
035 _aEN-90619
037 _bDBAD/PUB
082 0 0 _a658.406
_222
100 1 _aBurke, W. Warner
_q(Wyatt Warner),
_d1935-
245 1 0 _aOrganization change :
_btheory and practice /
_cby W. Warner Burke
250 _a3rd ed
260 _aNew Delhi
_bSAGE Publications
_c2012
270 _aB1/I-1 Mohan Cooperative Industrial Area Mathura Road
_bNew Delhi
_e110044
300 _axv, 362 p. :
_bill.
_c23cm(pbk)
500 _aIncludes bibliographical references and index.
650 0 _aOrganizational change.
650 0 _aLeadership.
942 _2ddc
_cEN
_h658.406
_mBUR
999 _c75384
_d75384